Statistics for Breaking Bad Actors (Random)

Click here to take the quiz!

General Stats

  • This quiz has been taken 20 times
  • The average score is 16 of 20

Answer Stats

HintAnswer% Correct
Giancarlo EspositoGustavo Fring
100%
Dean NorrisHank Schrader
100%
Krysten RitterJane Margolis
100%
Aaron PaulJesse Pinkman
100%
Betsy BrandtMarie Schrader
100%
Jonathan BanksMike Ehrmantraut
100%
Bob OdenkirkSaul Goodman
100%
Anna GunnSkyler White
100%
Bryan CranstonWalter White
100%
R.J. MitteWalter White Jr.
100%
Steven Michael QuezadaSteve Gomez
93%
Laura FraserLydia Rodarte-Quayle
87%
Mark MargolisHector Salamanca
86%
Lavell CrawfordHuell Babineaux
83%
Jesse PlemonsTodd Alquist
83%
Charles BakerSkinny Pete
71%
David CostabileGale Boetticher
65%
Raymond CruzTuco Salamanca
64%
Matt JonesBrandon "Badger" Mayhew
60%
Bill BurrPatrick Kuby
56%
Christopher CousinsTed Beneke
53%
Max ArciniegaDomingo "Krazy-8" Molina
50%
Emily RiosAndrea Cantillo
45%
Julia MinesciWendy
38%

Score Distribution

Percentile by Number Answered

Percent of People with Each Score

Your Score History

You have not taken this quiz